<?xml version="1.0" encoding="UTF-8"?>
<marc:record xmlns:marc="http://www.loc.gov/MARC21/slim">
   <marc:leader>00000nam a2200000 a 4500</marc:leader>
   <marc:datafield ind1="1" ind2=" " tag="100">
      <marc:subfield code="a">Schmeling, Inka</marc:subfield>
      <marc:subfield code="4">aut</marc:subfield>
      <marc:subfield code="e">Verfasser/-in</marc:subfield>
   </marc:datafield>
   <marc:datafield ind1=" " ind2=" " tag="653">
      <marc:subfield code="a">Reise</marc:subfield>
   </marc:datafield>
   <marc:datafield ind1=" " ind2=" " tag="653">
      <marc:subfield code="a">Kleinkind</marc:subfield>
   </marc:datafield>
   <marc:datafield ind1=" " ind2=" " tag="653">
      <marc:subfield code="a">Reiseutensil</marc:subfield>
   </marc:datafield>
   <marc:datafield ind1=" " ind2=" " tag="653">
      <marc:subfield code="a">Softcover / Ratgeber/Lebenshilfe</marc:subfield>
   </marc:datafield>
   <marc:datafield ind1=" " ind2=" " tag="653">
      <marc:subfield code="a">Alltag/Familie</marc:subfield>
   </marc:datafield>
   <marc:datafield ind1=" " ind2=" " tag="653">
      <marc:subfield code="a">Elternzeit</marc:subfield>
   </marc:datafield>
   <marc:datafield ind1=" " ind2=" " tag="653">
      <marc:subfield code="a">Fernreise</marc:subfield>
   </marc:datafield>
   <marc:datafield ind1=" " ind2=" " tag="653">
      <marc:subfield code="a">Reisen</marc:subfield>
   </marc:datafield>
   <marc:datafield ind1=" " ind2=" " tag="653">
      <marc:subfield code="a">Ratgeber</marc:subfield>
   </marc:datafield>
   <marc:datafield ind1="0" ind2="0" tag="245">
      <marc:subfield code="a">Abenteuer Elternzeit</marc:subfield>
   </marc:datafield>
   <marc:datafield ind1="0" ind2="0" tag="245">
      <marc:subfield code="b">ein Ratgeber über das Reisen mit Baby und Kleinkind</marc:subfield>
   </marc:datafield>
   <marc:datafield ind1="0" ind2="0" tag="245">
      <marc:subfield code="c">Inka Schmeling. Mit Ill. von Patrick Wirbeleit</marc:subfield>
   </marc:datafield>
   <marc:datafield ind1=" " ind2="1" tag="264">
      <marc:subfield code="a">Weinheim</marc:subfield>
      <marc:subfield code="b">Beltz</marc:subfield>
      <marc:subfield code="c">2010</marc:subfield>
   </marc:datafield>
   <marc:datafield ind1=" " ind2=" " tag="250">
      <marc:subfield code="a">1. Aufl.</marc:subfield>
   </marc:datafield>
   <marc:datafield ind1="1" ind2=" " tag="520">
      <marc:subfield code="a">Angaben aus der Verlagsmeldung

Abenteuer Elternzeit : Ein Ratgeber über das Reisen mit Baby und Kleinkind / von Inka Schmeling

Immer mehr junge Eltern gehen während der Elternzeit mit ihrem Kind auf Reisen – eine intensive Zeit, in der man die Seele baumeln lassen kann und in einer ungewohnten Umgebung völlig neu als Familie zusammenwächst.

Inka Schmeling nimmt die Leser mit auf ihre eigene Elternzeitreise: gemeinsam mit dem einjährigen Nepomuk erkundeten sie und ihr Mann die Türkei, Syrien und den Iran. Der Ratgeber ist dabei wie ein Magazin aufgebaut: Kapitel für Kapitel folgen den Reiseschilderungen klar gegliederte Sachinformationen, Interviews mit Experten und praktische Hinweise erfahrener Eltern.

Ein Kleinkind verändert natürlich den Ablauf und die Bedürfnisse während einer Reise.
Der Ratgeber beantwortet alle dringenden Fragen:
• Welche Vorbereitungen muss man treffen?
• Packlisten und Einkauftipps
• Wie kommt man mit dem Geld klar?
• Kinderarzt im Ausland – worauf muss man achten?
• Krabbelgruppe und Babyschwimmen – geht das auf der Reise?
• Wie entwickelt sich das Leben als Familie – und als Paar?
• Und wie begegnet man den Ängsten in der Familie und bei Freunden?
</marc:subfield>
   </marc:datafield>
   <marc:datafield ind1=" " ind2=" " tag="020">
      <marc:subfield code="a">9783407859044</marc:subfield>
      <marc:subfield code="9">9783407859044</marc:subfield>
   </marc:datafield>
   <marc:datafield ind1=" " ind2=" " tag="041">
      <marc:subfield code="a">ger</marc:subfield>
   </marc:datafield>
   <marc:datafield ind1=" " ind2=" " tag="300">
      <marc:subfield code="a">247 S.</marc:subfield>
   </marc:datafield>
</marc:record>
